| 000 | 00491nam a22001697a 4500 | ||
|---|---|---|---|
| 003 | OSt | ||
| 005 | 20260430042621.0 | ||
| 008 | 260430b |||||||| |||| 00| 0 eng d | ||
| 040 |
_aDWCL-Main lib _cOC |
||
| 082 | _aCirc. 207 B222c | ||
| 100 | _aBandas, Rodulph G. | ||
| 245 |
_aContents and methods of catechization / _cRodulph G. Bandas |
||
| 260 |
_aU.S.A. : _bRudolph G. Bandas, _cc1957. |
||
| 300 |
_a332 p. ; _c22 cm. |
||
| 504 | _aI. Includes Index. | ||
| 942 |
_2ddc _cBK-CIRC _mCirc. _n0 |
||
| 999 |
_c10103 _d10103 |
||